Normal view
MARC view
Entry Geographic Name
001 - CONTROL NUMBER
- control field: 22848
003 - CONTROL NUMBER IDENTIFIER
- control field: ARRUPE
005 - DATE AND TIME OF LATEST TRANSACTION
- control field: 20160309123124.0
008 - FIXED-LENGTH DATA ELEMENTS
- fixed length control field: 160309|| aca||aabn | a|a d
040 ## - CATALOGING SOURCE
- Original cataloging agency: ARRUPE
- Transcribing agency: ARRUPE
151 ## - HEADING--GEOGRAPHIC NAME
- Geographic name: Martinique.
670 ## - SOURCE DATA FOUND
- Source citation: Work cat.: (ARRUPE)0: Breton, André, 1896-1966. 22846, Martinique, charmeuse de serpents /, 1972.